Real Madrid- Tous les joueurs de 2010 à 2025 - Statistiques

Statistiques générales
  • Ce quiz a été pris 4 041 fois
    1 282 depuis la dernière actualisation
  • Le résultat moyen est 59 sur 138
Statistiques - réponses
Saison Nationalités Joueur Nombre
De Matchs
Poste % Correct
2009 - 2018 Portugal CristianoRonaldo 438 A
98%
2009 - 2023 France KarimBenzema 648 A
98%
2012 - 2025 Croatie LukaModric 591 M
98%
2014 - 2024 Allemagne ToniKroos 465 M
96%
2005 - 2021 Espagne SergioRamos 671 D
94%
2013 - Espagne DanielCarvajal 427 D
93%
2018 - Brésil ViniciusJunior 316 A
93%
2013 - 20202021 - 2022 PaysDe Galles GarethBale 258 A
92%
2018 - Belgique ThibautCourtois 282 G
92%
2006 - 2022 Brésil Marcelo 546 D
90%
2019 - Brésil Rodrygo 267 A
90%
2018 - Uruguay FedericoValverde 317 M
89%
2011 - 2021 France RaphaelVarane 360 D
89%
2021 - France EduardoCamavinga 180 M
88%
2007 - 2017 Portugal Pepe 334 D
88%
2022 - France AurélienTchouaméni 140 M
87%
2015 - 2019 Espagne KikoCasilla 43 G
87%
2012 - 20142015 - 2022 Brésil Casemiro 336 M
86%
2014 - 2019 CostaRica KeylorNavas 162 G
86%
2024 - France KylianMbappé 56 A
85%
2022 - Allemagne AntonioRudiger 151 D
84%
2019 - France FerlandMendy 201 D
84%
2010 - 2014 Argentine ÁngelDi María 190 M/A
82%
2023 - Turquie ArdaGuler 55 M
80%
2021 - Autriche DavidAlaba 116 D
80%
2023 - Angleterre JudeBellingham 94 M
80%
2019 - Brésil EderMilitao 172 D
79%
2018 - 20202023 - Maroc BrahimDíaz 117 M/A
78%
2014 - 20172019 - 2020 Colombie JamesRodríguez 125 M
77%
2013 - 2022 Espagne Isco 353 M
76%
2016 - 20172018 - 2023 RépubliqueDominicaine MarianoDíaz 84 A
76%
2017 - 2018 Maroc AchrafHakimi 17 D
75%
2020 - Ukraine AndriyLunin 62 G
75%
1999 - 2015 Espagne IkerCasillas 725 G
75%
2019 - 2023 Belgique EdenHazard 76 A
73%
2015 - 2025 Espagne LucasVázquez 400 D/A
73%
2010 - 2013 Allemagne MesutOzil 159 M
71%
2006 - 2013 Argentine GonzaloHiguaín 264 A
69%
2017 - 2018 France TheoHérnandez 23 D
68%
2014 - 2015 Mexique ChicharitoHernandez 33 A
66%
2010 - 2024 Espagne NachoFernández 364 D
66%
2011 - 2016 Espagne JeséRodriguez 94 A
65%
2014 - 20172020 - 2021 Norvège MartinOdegaard 11 M
65%
2010 - 2015 Allemagne SamiKhedira 161 M
65%
2009 - 2014 Espagne XabiAlonso 236 M
65%
2017 - 20192021 - Espagne DaniCeballos 188 M
64%
2016 - 2023 Espagne MarcoAsensio 286 M/A
64%
2015 - 2018 Croatie MateoKovacic 109 M
64%
2011 - 20152016 - 2017 Portugal FábioCoentrao 106 D
62%
2024 - Brésil Endrick 37 A
61%
2018 - 20192023 - Espagne FranGarcia 80 D
61%
2019 - 2022 Serbie LukaJovic 51 A
61%
2022 - 2024 Uruguay AlvaroRodriguez 10 A
60%
2023 - Espagne GonzaloGarcia 6 A
57%
2012 - 2013 Espagne JoséRodríguez 4 M
57%
2017 - 2018 Espagne OscarRodríguez 1 M
57%
2013 - 2014 Brésil WillianJosé 1 A
57%
2010 - 20142016 - 2017 Espagne ÁlvaroMorata 95 A
56%
2008 - 2012 France LassanaDiarra 116 M
54%
2004 - 20052009 - 2016 Espagne AlvaroArbeloa 238 D
53%
2010 - 20122023 - 2024 Espagne Joselu 51 A
52%
2006 - 2011 Mali MahamadouDiarra 126 M
52%
2024 - Espagne RaulAsencio 42 D
52%
2016 - 2017 France EnzoZidane 1 M
50%
2017 - 2019 Algérie LucaZidane 2 G
50%
2012 - 2013 Ghana MichaelEssien 35 M
50%
2010 - 2011 Togo EmmanuelAdebayor 22 A
48%
2019 - 2020 France AlphonseAreola 9 G
47%
2009 - 2013 Brésil Kaká 120 M
44%
2012 - 2014 Espagne DiegoLópez 62 G
42%
2010 - 2013 Espagne ÁlexFernández 2 M
41%
2010 - 2014 Espagne JesúsFernández 2 G
41%
2017 - 20192021 - 2023 2024 - 2025 Espagne JesusVallejo 35 D
41%
2010 - 2013 Portugal RicardoCarvalho 77 D
38%
2015 - 2017 Brésil Danilo 56 D
37%
2009 - 2013 Espagne RaúlAlbiol 118 D
32%
2013 - 2015 Espagne AsierIllarramendi 90 M
31%
2012 - 2015 Espagne DiegoLlorente 3 D
27%
2015 - 20162017 - 2019 Espagne MarcosLlorente 39 M
27%
2012 - 20132015 - 2016 Russie DenisCheryshev 7 A
25%
2011 - 2013 Espagne JoséCallejón 77 A
25%
2011 - 2012 Turquie NuriSahin 10 M
25%
2014 - 2015 Brésil LucasSilva 9 M
24%
2023 - 2024 Argentine NicoPaz 8 M
24%
2018 - 20212022 - 2025 Espagne ÁlvaroOdriozola 49 D
23%
2011 - 2012 Turquie HamitAltintop 12 M
21%
2023 - 2024 Espagne KepaArrizabalaga 20 G
20%
2012 - 2013 Brésil Fabinho 1 D
18%
2015 - 20162017 - 2018 Espagne BorjaMayoral 33 A
16%
2006 - 2011 Argentine FernandoGago 121 M
16%
2024 - Espagne FranGonzalez 1 G
14%
2007 - 2011 Pologne JerzyDudek 12 G
14%
2018 - 2019 Espagne CristoGonzález 4 A
13%
2021 - 2023 RépubliqueDominicaine PeterGonzález 3 A
13%
2018 - 2019 Espagne SergioReguilón 22 D
13%
2009 - 2012 Espagne EstebanGranero 96 M
12%
2009 - 2011 Argentine EzequielGaray 31 D
12%
2023 - 2024 Espagne MarioMartin 3 | 4 M
12%
2018 - 2019 Espagne JaviSánchez 5 D
11%
2010 - 2013 Espagne AntonioAdán 18 G
9%
2024 - 2025 Espagne JacoboRamon 5 D
8%
2020 - 2022 Espagne MiguelGutiérrez 10 D
8%
2010 - 2011 Espagne SergioCanales 15 M
8%
2020 - 2022 Espagne AntonioBlanco 6 M
7%
2010 - 2011 Espagne PedroLeón 14 A
7%
2010 - 2011 Espagne PabloSarabia 1 A
6%
2011 - 2012 Portugal PerdoMendes 1 D
6%
2014 - 2015 Espagne RaúlDe Tomás 1 A
6%
2023 - 2024 Brésil ViniciusTobias 1 D
6%
2009 - 2011 Espagne Juanfran 2 D
5%
2015 - 2016 Autriche PhilippLienhart 1 D
5%
2024 - 2025 Espagne VictorMunoz 2 A
5%
2014 - 2015 Espagne JaviMunoz 1 M
4%
2020 - 2021 Espagne Marvin 4 A
4%
2020 - 2023 Espagne SergioArribas 10 M
4%
2024 - Espagne DanielYanez 1 A
3%
2011 - 2015 Espagne FernandoPacheco 2 G
3%
2020 - 2021 Espagne HugoDuro 3 A
3%
2016 - 2017 Espagne RubénYánez 1 G
3%
2015 - 2018 Espagne ÁlvaroTejero 5 D
2%
2024 - 2025 Espagne ChemaAndres 3 M
2%
2010 - 2011 Espagne DavidMateos 2 D
2%
2011 - 2012 Espagne JorgeCasado 1 D
2%
2010 - 2011 Espagne Juankar 1 D
2%
2021 - 2022 Espagne JuanmiLatasa 1 A
2%
2024 - 2025 Espagne LorenzoAguado 3 D
2%
2021 - 2022 Espagne MarioGila 2 D
2%
2012 - 2013 Espagne OmarMascarell 1 M
2%
2021 - 2022 Espagne SergioSantos 1 D
2%
2020 - 2021 Espagne VictorChust 3 D
2%
2018 - 2019 Espagne ÁlvaroFidalgo 1 M
1%
2014 - 2015 Espagne ÁlvaroMedrán 5 M
1%
2017 - 2018 Espagne JaimeSeoane 1 M
1%
2017 - 2018 RépubliqueDominicaine LuismiQuezada 1 D
1%
2010 - 2014 Espagne TomásMejiías 1 G
1%
2023 - 2024 Espagne AlvaroCarrillo 1 D
0%
2017 - 2018 Argentine Franchu 2 A
0%
Aucun quiz correspondant
Distribution des résultats
% des personnes avec chaque résultat
Percentile par nombre de réponses
Votre historique - résultats
Vous n’avez pas pris ce quiz depuis la dernière actualisation